| 000 | 00581nam a2200205 i 4500 | ||
|---|---|---|---|
| 001 | 33905 | ||
| 003 | ES-MaACL | ||
| 005 | 20250710062719.0 | ||
| 007 | t| | ||
| 008 | 030203s1958 fr ||||1| fre d | ||
| 100 | 1 |
_aBlamont, Emile. _929106 |
|
| 245 | 1 | 4 |
_aLes Techniques Parlementaires / _cpar Emile Blamont. |
| 250 | _a[1ere ed.]. | ||
| 260 |
_aParĂs : _bPresses Universitaires de France, _c1958. |
||
| 300 |
_a128 p. ; _c17 cm. |
||
| 490 | 1 |
_aQue sais-je? ; _v786 |
|
| 830 | 0 | 0 |
_aQue sais-je? _v786 _9180931 |
| 852 |
_aES-MaACL _jC-15975 _bR.43286 |
||
| 999 |
_c33905 _d33905 |
||